000 00308nam a2200097Ia 4500
008 180323s9999 xx 000 0 und d
100 _aJacobs, Linda
245 _cWachs, Carol
_aParent therapy :
_ba relational to working with children
260 _aLondon :
_b2002
_cJason Aronson Inc.
300 _avii, 235 pages
999 _c356352
_d356352